Introduction générale au Droit public et administratif / (Record no. 30676)

MARC details
000 -LEADER
campo de control de longitud fija 00619nam a2200181 i 4500
001 - NÚMERO DE CONTROL
campo de control 30676
003 - IDENTIFICADOR DE NÚMERO DE CONTROL
campo de control ES-MaACL
005 - FECHA Y HORA DE LA ÚLTIMA TRANSACCIÓN
campo de control 20230906154233.0
007 - CAMPO FIJO DE DESCRIPCIÓN FÍSICA--INFORMACIÓN GENERAL
campo de control de longitud fija t|
008 - DATOS DE LONGITUD FIJA--INFORMACIÓN GENERAL
campo de control de longitud fija 030127m18611868fr ||||1| fre d
100 1# - ENTRADA PRINCIPAL--NOMBRE DE PERSONA
Nombre de persona Batbie, A.
9 (RLIN) 26408
245 10 - MENCIÓN DEL TÍTULO
Título Introduction générale au Droit public et administratif /
Mención de responsabilidad, etc. par A. Batbie.
260 ## - PUBLICACIÓN, DISTRIBUCIÓN, ETC.
Lugar de publicación, distribución, etc. París :
Nombre del editor, distribuidor, etc. Cotillon,
Fecha de publicación, distribución, etc. 1861-68.
300 ## - DESCRIPCIÓN FÍSICA
Extensión 7 v. ;
Dimensiones 22 cm.
505 8# - NOTA DE CONTENIDO CON FORMATO
Nota de contenido con formato Contiene: Desde el V. II: Traité théorique et pratique de Droit public et administratif
740 0# - ENTRADA AGREGADA--TÍTULO RELACIONADO/ANALÍTICO NO CONTROLADO
Título relacionado o analítico no controlado Traité théorique et pratique de Droit public et administratif.
852 ## - LOCALIZACIÓN
Ubicación ES-MaACL
Número de control de estantería G-8302-8
Holdings
Estatus retirado Estado de pérdida Estado de daño No para préstamo Colección Biblioteca de origen Biblioteca actual Ubicación en estantería Fecha de adquisición Fuente de adquisición Total de préstamos Signatura topográfica completa Código de barras Visto por última vez Precio de reemplazo Tipo de ítem Koha
        Libros del s. XIX Biblioteca del Ateneo de Madrid Biblioteca del Ateneo de Madrid Sala Pecera Planta 3 17/01/2008     G-8302-8 1031677 23/02/2023 23/02/2023 Libro impreso antiguo